ANAMBRA state university uli department of computer science: (Record no. 9764)
[ view plain ]
| 000 -LEADER | |
|---|---|
| fixed length control field | 00633nam a22001817a 4500 |
| 008 - FIXED-LENGTH DATA ELEMENTS--GENERAL INFORMATION | |
| fixed length control field | 221018b |||||||| |||| 00| 0 eng d |
| 017 ## - LEGAL DEPOSIT NUMBER | |
| Legal deposit number | 2018-1075(11-10-2017) |
| 020 ## - INTERNATIONAL STANDARD BOOK NUMBER | |
| ISBN | 9789785110098 |
| 040 ## - CATALOGING SOURCE | |
| Original cataloging agency | NLN |
| Language of cataloging | English |
| 245 ## - TITLE STATEMENT | |
| Title | ANAMBRA state university uli department of computer science: |
| Remainder of title | practical laboratory manual for computer application / |
| Statement of responsibility, etc | ed. by Ejiofor Christopher I. |
| 260 ## - PUBLICATION, DISTRIBUTION, ETC. (IMPRINT) | |
| Place of publication | Uwani, Enugu State(126, Ziks Avenue): |
| Name of publisher | Ezu Books, |
| Date of publication | 2014 |
| 300 ## - COLLATION | |
| Pagination | xi, 158p.: |
| Other physical details | ill.; 27cm |
| 563 ## - BINDING INFORMATION | |
| Binding note | (pbk) |
| 650 ## - TRACINGS | |
| Main Subject | Computer science |
| Subdivision (1st) | Laboratory manual |
| 942 ## - ADDED ENTRY ELEMENTS (KOHA) | |
| Item type | Books |
| 050 ## - LIBRARY OF CONGRESS CALL NUMBER | |
| Classification number | QA76.35 |
| Item number | .A533 |
| 082 ## - DEWEY DECIMAL CLASSIFICATION NUMBER | |
| Classification number | 004.078 |
| Source of classification or shelving scheme | Not for loan | Home library | Current library | Date acquired | Accession No. | Full call number | Barcode. | Koha item type |
|---|---|---|---|---|---|---|---|---|
| Library of Congress Classification | KADUNA BRANCH | National Library of Nigeria | 18/10/2022 | 222764 | QA76.35 .A533 | 2022-4388 | Books | |
| Library of Congress Classification | MAIDUGURI BRANCH | National Library of Nigeria | 18/10/2022 | 222765 | QA76.35 .A533 | 2022-4389 | Books |
